BSOP header

Religious diversity : (Record no. 47549)

MARC details
000 -LEADER
fixed length control field 00952cam a2200289 i 4500
001 - CONTROL NUMBER
control field 344258
005 - DATE AND TIME OF LATEST TRANSACTION
control field 20190730151318.0
008 - FIXED-LENGTH DATA ELEMENTS--GENERAL INFORMATION
fixed length control field 760707s1976 nyu b 001 0 eng
010 ## - LIBRARY OF CONGRESS CONTROL NUMBER
LC control number 76009968
020 ## - INTERNATIONAL STANDARD BOOK NUMBER
International Standard Book Number 0060674636 :
Terms of availability $10.00.
International Standard Book Number 0060674644
Terms of availability $4.95
040 ## - CATALOGING SOURCE
Original cataloging agency DLC
Transcribing agency DLC
Modifying agency DLC
100 1# - MAIN ENTRY--PERSONAL NAME
Personal name Smith, Wilfred Cantwell,
Dates associated with a name 1916-2000.
245 10 - TITLE STATEMENT
Title Religious diversity :
Remainder of title essays /
Statement of responsibility, etc by Wilfred Cantwell Smith ; edited by Willard G. Oxtoby.
260 ## - PUBLICATION, DISTRIBUTION, ETC. (IMPRINT)
Place of publication, distribution, etc New York :
Name of publisher, distributor, etc Harper & Row,
Date of publication, distribution, etc c1976.
300 ## - PHYSICAL DESCRIPTION
Extent xxiv, 198 p. ;
Dimensions 20 cm.
336 ## - CONTENT TYPE
Content Type Term text
337 ## - MEDIA TYPE
Media Type Term unmediated
338 ## - CARRIER TYPE
Carrier Type Term volume
490 0# - SERIES STATEMENT
Series statement A Harper forum book
500 ## - GENERAL NOTE
General note Includes index.
504 ## - BIBLIOGRAPHY, ETC. NOTE
Bibliography, etc Bibliography: p. [181]-183.
504 ## - BIBLIOGRAPHY, ETC. NOTE
Bibliography, etc "Publications of Wilfred Cantwell Smith through 1975:" p. [185]-194.
650 #0 - SUBJECT ADDED ENTRY--TOPICAL TERM
Topical term or geographic name as entry element Religion.
650 #0 - SUBJECT ADDED ENTRY--TOPICAL TERM
Topical term or geographic name as entry element Religions.
Form subdivision Addresses, essays, lectures.
906 ## - LOCAL DATA ELEMENT F, LDF (RLIN)
a 7
b cbc
c orignew
d 1
e ocip
f 19
g y-gencatlg
942 ## - ADDED ENTRY ELEMENTS (KOHA)
Source of classification or shelving scheme Library of Congress Classification
Item type Books
Holdings
Withdrawn status Lost status Source of classification or shelving scheme Damaged status Not for loan Home library Current library Shelving location Date acquired Inventory number Total Checkouts Full call number Barcode Date last seen Price effective from Koha item type
    Library of Congress Classification     BSOP Library BSOP Library GC 07/30/2019 7998   BL50 Sm6r 00020946 07/30/2019 07/30/2019 Books
BSOP

Biblical Seminary of the Philippines
  All rights Reserved
  © 2024

CONTACT INFORMATION

Biblical Seminary of the Philippines,
  77-B Karuhatan Road, Valenzuela City,
  PHILIPPINES 1441
  Phone: +632 8292-6795 / 8292-6798
  Fax : +632 8292-6675
  Email: library@bsop.edu.ph